| 000 | 00341nam a2200133Ia 4500 | ||
|---|---|---|---|
| 005 | 20260328104343.0 | ||
| 008 | 260328s9999||||xx |||||||||||||| ||und|| | ||
| 100 | _aPeregrina, Ivan | ||
| 245 | 0 |
_aHuellas del Patrimonio prehispánico / _cIvan Peregrina |
|
| 260 | _bBretaña Impreso | ||
| 300 | _a166 p. | ||
| 650 | _aCULTURA | ||
| 942 | _cBK | ||
| 999 |
_c12184 _d12184 |
||